000 00842nam a22002057a 4500
003 OSt
005 20250913133237.0
008 240213b ||||| |||| 00| 0 eng d
040 _c0
082 _aDPer 621.381 In821 April 2022 v. 37 n. 4
100 _aLiu, Chang.
_eauthor.
_952246
245 _aPV panel to PV panel transfer method for modular differential power processing /
_cChang Liu, Yue Zheng, and Brad Lehman.
260 _aNew York ;
_bThe Institute of Electrical and Electronics Engineers, Inc. ,
_cApril 2022.
300 _aVolume 37, pages 4764-4778 :
_billustration ;
_c28 cm.
500 _aIEEE Transaction on Power Electronics, vol. 37, no. 4, pages 4764-4778, April 2022.
700 _aLiu, Chang.
_eauthor.
_952246
700 _aZheng, Yue.
_eauthor.
_952247
700 _aLehman, Brad.
_eauthor.
_952248
942 _2ddc
_cPER
999 _c19118
_d19118